| 000 | 00609nam a2200217Ia 4500 | ||
|---|---|---|---|
| 005 | 20241216010823.0 | ||
| 008 | 190212s9999||||xx |||||||||||||| ||und|| | ||
| 020 | _a84-8086-190-8 | ||
| 082 |
_a610.73 _bB29 |
||
| 100 | _aBEARE PATRICIA GAUNTLETT | ||
| 245 | 0 | _aEL TRATADO DE ENFERMERIA MOSBY 3 | |
| 250 | _a0 | ||
| 260 |
_aCOLOMBIA _bMOSBY DOYMA LIBROS S.A. _c1995 |
||
| 300 |
_a557 pag _c28 cm |
||
| 341 | _h160 | ||
| 490 |
_v3 _a0 |
||
| 505 | _aSISTEMA NERVIOSO-OJOS-OIDOS/SISTEMA ENDORINO-MUSCULOSQUELETI | ||
| 541 |
_aC _bNUTESA _d13-Oct-99 _oSoles |
||
| 650 | _aCIENCIAS APLICADAS | ||
| 942 | _cLIBRO | ||
| 999 |
_c24950 _d24950 |
||